| 000 | 00744cam a2200229 a 4500 | ||
|---|---|---|---|
| 001 | 252 | ||
| 003 | BR-CuiBMT | ||
| 005 | 20231025210019.0 | ||
| 008 | 230913s2011 mgb 000 0 por d | ||
| 020 | _a9788577004287 | ||
| 040 |
_aBR-CuiBMT _cBR-CuiBMT |
||
| 080 |
_22007 _a342.7 |
||
| 090 |
_a342.7 _bG161d |
||
| 100 | 1 | 0 | _aGaliza, Andréa Karla Amaral de |
| 245 | 1 |
_aDireitos fundamentais nas relações entre particulares : _bteoria e jurisprudência do Supremo Tribunal Federal / _cAndréa Karla Amaral de Galiza ; prefácio de Paulo Lôbo. |
|
| 260 |
_aBelo Horizonte : _bFórum, _c2011. |
||
| 300 |
_a224 p. ; _c22 cm |
||
| 504 | _aInclui bibliografia. | ||
| 650 | _aDireito constitucional | ||
| 650 | _aDireito civil | ||
| 942 |
_2udc _cLV |
||
| 999 |
_c252 _d252 |
||